| 000 | 00591 a2200157 4500 | ||
|---|---|---|---|
| 020 | _a0306467917 | ||
| 040 |
_aDLC _bDLC |
||
| 100 | _aYeung, Raymond W. | ||
| 245 |
_aA first course in information theory _c Raymond,Yeung, Raymond W. |
||
| 260 |
_aNew York Publishers, c2002. _bKluwer Academic/Plenum _cc2002 |
||
| 300 |
_axxi, 412 p. _b ill. ; 24 cm. _c24 cm. _e1 CD-ROM (4 3/4 in.) |
||
| 500 | _aIncludes bibliographical references (p. 389-402) and index. | ||
| 650 | _aInformation theory. | ||
| 830 | _aInformation technology--transmission, processing, and storage | ||
| 942 |
_cBK _k003.54 YEU _2ddc |
||
| 999 |
_c4142 _d4142 |
||